000 00551nam a22001817a 4500
003 OSt
005 20230126143831.0
008 220916b |||||||| |||| 00| 0 eng d
040 _cBiblioteca Lado V
082 _a750
_bV217o
100 _9653
_aVan Kreij, Marijn
_eautor
245 _aO Let it be/
300 _a62p.
_c21x28cm
650 _2Tesauro de Arte & Arquitectura
_aPINTURA
650 _2Tesauro de Arte & Arquitectura
_aDIBUJO
650 _2Tesauro de Arte & Arquitectura
_aCOLECCION
942 _2ddc
_c1
_h750
_iV217o
_n0
999 _c2928
_d2928